[Event "Abu Dhabi Masters Online"]
[Site "chess.com INT"]
[Date "2024.08.21"]
[Round "9"]
[White "Nakamura,Hi"]
[Black "Hakobyan,Aram"]
[Result "1/2-1/2"]
[WhiteElo "2802"]
[BlackElo "2617"]

1.Nf3 d5 2.g3 Nf6 3.Bg2 e6 4.d3 Be7 5.Nbd2 a5 6.O-O a4 7.a3 c5 8.e4 Nc6 9.Re1 O-O
10.e5 Nd7 11.Nf1 Ra6 12.c3 b5 13.Bf4 d4 14.c4 bxc4 15.dxc4 Na5 16.Qxa4 Nb6
17.Qc2 Naxc4 18.N1d2 Nxd2 19.Bxd2 Bb7 20.Ng5 d3 21.Qc1 Bxg2 22.Kxg2 Bxg5
23.Bxg5 Qd5+ 24.Kg1 Nc4 25.Qc3 d2 26.Red1 Nxe5 27.Bxd2 Nf3+ 28.Kf1 Nxh2+
29.Kg1 Nf3+ 30.Kf1 Nd4 31.f3 Nxf3 32.Be3 Nd4 33.Bxd4 cxd4 34.Qxd4 Qh1+ 35.Qg1 Qb7
36.Qg2 Qb3 37.Rd2 Ra5 38.Rc1 Rf5+ 39.Rf2 Qd3+ 40.Kg1 Qe3 41.Rc3 Qd4 42.Rf3 Rc8
43.Rxf5 exf5 44.Kh2 g6 45.Rc2 Re8 46.Rd2 Qe5 47.Qf2 h5 48.Qf4 Qe1 49.Qf2 Qc1
50.Re2 Rd8 51.Rc2 Qb1 52.Qg2 Qe1 53.Qf2 Qd1 54.b4 Qa1 55.Rd2 Re8 56.Re2 Rd8
57.Rd2 Rc8 58.Rc2 Re8 59.Re2 Rd8 60.Rd2  1/2-1/2

[Event "Abu Dhabi Masters Online"]
[Site "chess.com INT"]
[Date "2024.08.21"]
[Round "10"]
[White "Le Tuan Minh"]
[Black "Nakamura,Hi"]
[Result "0-1"]
[WhiteElo "2564"]
[BlackElo "2802"]

1.d4 c5 2.c3 Nf6 3.Nf3 Qb6 4.d5 d6 5.c4 g6 6.Nc3 Bg7 7.e4 e6 8.Bd3 exd5 9.exd5 O-O
10.O-O Bg4 11.h3 Bxf3 12.Qxf3 Nbd7 13.Be2 Rfe8 14.Qd3 a6 15.Qc2 Re7 16.Bf4 Rae8
17.Bf3 Ne5 18.Be2 Ned7 19.Bf3 h6 20.Rac1 Nh7 21.h4 f5 22.Bg3 h5 23.b3 Be5
24.Ne2 Bxg3 25.fxg3 Ne5 26.Nf4 Nf8 27.Kh2 Qd8 28.Qd2 Kh7 29.Rce1 b5 30.Be2 b4
31.Bd1 a5 32.Nh3 Nf7 33.Bc2 Re5 34.Nf4 Rxe1 35.Rxe1 Rxe1 36.Qxe1 Ne5 37.Qe2 Qf6
38.Bd1 Ng4+ 39.Kh1 Qa1 40.Nh3 Kg8 41.Qd2 Nd7 42.Kg1 Ndf6 43.Nf2 Nxf2  0-1

[Event "Titled Tue 27th Aug Early"]
[Site "chess.com INT"]
[Date "2024.08.27"]
[Round "1"]
[White "Nakamura,Hi"]
[Black "Brunner,N"]
[Result "1-0"]
[WhiteElo "2802"]
[BlackElo "2424"]

1.Nf3 g6 2.e4 Bg7 3.d4 d6 4.Bc4 e6 5.c3 Ne7 6.Qe2 O-O 7.h4 h6 8.h5 g5 9.Nxg5 hxg5
10.h6 Bf6 11.e5 dxe5 12.dxe5 Ng6 13.exf6 Qxf6 14.Nd2 Nf4 15.Ne4 Qe5 16.Bxf4 gxf4
17.O-O-O Kh8 18.Rde1 Nc6 19.Rh5 f5 20.Ng5 Qxe2 21.Rxe2 e5 22.Nf7+ Kh7 23.Nxe5 Re8
24.Nxc6 Rxe2 25.Bxe2 bxc6 26.Bd3 Be6 27.Bxf5+ Bxf5 28.Rxf5 Kxh6 29.Rxf4  1-0

[Event "Titled Tue 27th Aug Late"]
[Site "chess.com INT"]
[Date "2024.08.27"]
[Round "1"]
[White "Nakamura,Hi"]
[Black "Vershinin,Igor"]
[Result "1-0"]
[WhiteElo "2802"]
[BlackElo "2315"]

1.Nf3 d5 2.g3 Bg4 3.Bg2 Nd7 4.c4 e6 5.cxd5 exd5 6.h3 Bxf3 7.Bxf3 c6 8.d3 Bd6
9.Nc3 Ngf6 10.e4 O-O 11.O-O dxe4 12.dxe4 Qe7 13.Bg2 Rad8 14.Qc2 Bb8 15.Be3 Ne5
16.Rad1 h6 17.f4 Nc4 18.Bf2 Rxd1 19.Rxd1 Rd8 20.e5 Ne8 21.Na4 Rxd1+ 22.Qxd1 b5
23.Nc5 Nxb2 24.Qb3 Nc4 25.Bxc6 a6 26.Bxe8 Qxe8 27.Nxa6 Bxe5 28.fxe5 Qxe5
29.Nc5 Nd2 30.Qxb5 Qa1+ 31.Kg2 Qxa2 32.Qe8+ Kh7 33.Qd7 Qa8+ 34.Qb7 Qe8 35.Qd5 Qe2
36.Qd3+ Qxd3 37.Nxd3 Ne4 38.Bd4 f5 39.Nf2 Nd6 40.Kf3 g5 41.Nd3 Kg6 42.Ne5+ Kh7
43.Nd7 Kg6 44.Ne5+ Kh7 45.Bb2 h5 46.h4 Ne4 47.Bc1 gxh4 48.gxh4 Kg7 49.Kf4 Kf6
50.Bb2 Ke6 51.Nf3 Nf6 52.Bxf6 Kxf6 53.Nd4 Kg6 54.Nxf5 Kf6 55.Ng3 Kg6 56.Ke5 Kh6
57.Kf5 Kh7 58.Nxh5 Kh6 59.Nf4 Kg7 60.Kg5 Kh7 61.h5 Kg7 62.h6+ Kh7 63.Kh5 Kh8
64.Kg6 Kg8 65.Nd3 Kh8 66.Ne5 Kg8 67.h7+ Kh8 68.Nf7+  1-0

[Event "Titled Tue 27th Aug Early"]
[Site "chess.com INT"]
[Date "2024.08.27"]
[Round "2"]
[White "Hansen,SuB"]
[Black "Nakamura,Hi"]
[Result "0-1"]
[WhiteElo "2520"]
[BlackElo "2802"]

1.d4 e6 2.c4 b6 3.a3 Bb7 4.Nc3 Nf6 5.d5 Bd6 6.g3 Be5 7.Bg2 Bxc3+ 8.bxc3 Na6
9.Nh3 O-O 10.O-O Qc8 11.Bg5 Ng4 12.e4 Ne5 13.Qe2 f6 14.Be3 Nc5 15.f4 Nf7
16.Bxc5 bxc5 17.Qe3 d6 18.Rfb1 e5 19.Nf2 Ba6 20.Bh3 Qe8 21.a4 Bxc4 22.Rb7 exf4
23.Qxf4 Qe7 24.Be6 Kh8 25.e5 Nxe5  0-1

[Event "Titled Tue 27th Aug Late"]
[Site "chess.com INT"]
[Date "2024.08.27"]
[Round "2"]
[White "Girsh,Daniel"]
[Black "Nakamura,Hi"]
[Result "0-1"]
[WhiteElo "2190"]
[BlackElo "2802"]

1.Nf3 g6 2.g3 Bg7 3.Bg2 d6 4.d4 Bd7 5.O-O Qc8 6.e4 Bh3 7.Nc3 Bxg2 8.Kxg2 c5
9.dxc5 Qxc5 10.Be3 Qc8 11.Bd4 f6 12.Nd5 e6 13.Nc3 a6 14.Be3 Qc7 15.Qd2 Nc6
16.Rad1 Rd8 17.h4 Nge7 18.b3 b5 19.Bh6 O-O 20.Bxg7 Kxg7 21.Qe3 h6 22.Rd2 Rd7
23.Rfd1 Rfd8 24.Ne2 e5 25.Nh2 h5 26.c3 d5 27.Nf3 Qb7 28.exd5 Nxd5 29.Qc5 Nce7
30.Kh2 Rc8 31.Qa3 Rdc7 32.Qb2 Nxc3 33.Nxc3 Qxf3 34.Rd3 Qb7 35.Qd2 e4 36.Re3 Nf5
37.Nxe4 Nxe3 38.Qxe3 Re7 39.f3 Rc2+ 40.Kh1 Qc6 41.Rd8 Rd7 42.Rxd7+ Qxd7 43.Nf2 Rxa2
44.Kg2 Rd2 45.Qc3 Re2 46.b4 Qa7  0-1

[Event "Titled Tue 27th Aug Early"]
[Site "chess.com INT"]
[Date "2024.08.27"]
[Round "3"]
[White "Nakamura,Hi"]
[Black "Askarov,Ba"]
[Result "1-0"]
[WhiteElo "2802"]
[BlackElo "2280"]

1.Nf3 Nf6 2.g3 g6 3.Bg2 Bg7 4.b3 d5 5.Bb2 c5 6.c4 d4 7.e3 Nc6 8.exd4 cxd4
9.O-O O-O 10.Re1 Nd7 11.d3 a5 12.Nbd2 Nc5 13.Ne4 Nxe4 14.Rxe4 Bf5 15.Re2 a4
16.Ba3 axb3 17.axb3 Re8 18.b4 Qc7 19.b5 Ne5 20.Nxe5 Bxe5 21.Rea2 Rab8 22.Bb4 Bf6
23.Qf3 Qd7 24.Ra7 Bg4 25.Rxb7 Bxf3 26.Rxd7 Be2 27.Ra3 Bg4 28.Rda7 e5 29.Bd5 Be6
30.Bxe6 Rxe6 31.R7a6 e4 32.Rxe6 fxe6 33.dxe4 Rd8 34.b6 d3 35.b7 d2 36.Bxd2  1-0

[Event "Titled Tue 27th Aug Late"]
[Site "chess.com INT"]
[Date "2024.08.27"]
[Round "3"]
[White "Nakamura,Hi"]
[Black "Lizak,P"]
[Result "1-0"]
[WhiteElo "2802"]
[BlackElo "2398"]

1.Nf3 b6 2.e4 Bb7 3.Nc3 g6 4.d4 Bg7 5.Bc4 e6 6.Bb3 d6 7.h4 h6 8.Be3 Ne7 9.Qe2 a6
10.O-O-O b5 11.Nd2 b4 12.Na4 Nd7 13.f4 a5 14.h5 gxh5 15.Rxh5 Nf6 16.d5 Ba6
17.Qf3 Nxh5 18.dxe6 Nf6 19.e5 fxe6 20.exf6 Bxf6 21.Qh5+ Kf8 22.Ne4 Bg7 23.Nac5 Bc8
24.Nxe6+ Bxe6 25.Bxe6 Qe8 26.Qh3 Qg6 27.f5 Qh7 28.Qh5 Be5 29.Kb1 Ng8 30.Qf3 Re8
31.g4 Nf6 32.Nxf6 Bxf6 33.Bc1 Qg7 34.Qd5 a4 35.Qf3 a3 36.bxa3 bxa3 37.Bxa3 Rb8+
38.Bb3 h5 39.gxh5 Qg5 40.Rh1 Kg7 41.Bc1  1-0

[Event "Titled Tue 27th Aug Early"]
[Site "chess.com INT"]
[Date "2024.08.27"]
[Round "4"]
[White "Nakamura,Hi"]
[Black "Rohith,Krishna S"]
[Result "1-0"]
[WhiteElo "2802"]
[BlackElo "2472"]

1.Nf3 Nf6 2.g3 b5 3.Na3 a6 4.c4 b4 5.Nc2 e6 6.Bg2 Bb7 7.a3 bxa3 8.b4 Be7
9.Bxa3 O-O 10.d3 d6 11.O-O Nbd7 12.e4 h6 13.Nfd4 Ne8 14.Nb3 Rb8 15.Na5 Ba8
16.Bb2 Bf6 17.Bxf6 Ndxf6 18.Nd4 Qd7 19.Qa4 c5 20.Ndc6 Bxc6 21.Nxc6 Rb6 22.e5 Ng4
23.exd6 Qxd6 24.d4 Rxc6 25.Qxc6 Qxd4 26.Qxc5 Qxc5 27.bxc5 Nc7 28.Rfd1 Rc8
29.Bb7 Rb8 30.Rab1 Ne5 31.c6 Kf8 32.f4 Nxc4 33.Rd7 Na3 34.Rxc7 Nxb1 35.Rd7  1-0

[Event "Titled Tue 27th Aug Late"]
[Site "chess.com INT"]
[Date "2024.08.27"]
[Round "4"]
[White "Norowitz,Yaacov"]
[Black "Nakamura,Hi"]
[Result "0-1"]
[WhiteElo "2402"]
[BlackElo "2802"]

1.d4 e6 2.e3 b6 3.f4 d5 4.Nf3 Bd6 5.c3 Nf6 6.Bd3 O-O 7.Nbd2 Ba6 8.Bxa6 Nxa6
9.Qe2 Qc8 10.O-O c5 11.Ne5 Nc7 12.b3 Rd8 13.Bb2 Nce8 14.c4 Qb7 15.Rac1 Rac8
16.Rfd1 Bf8 17.Qf3 Nd6 18.dxc5 bxc5 19.cxd5 exd5 20.h3 Nfe4 21.Nxe4 Nxe4
22.Ng4 Qa6 23.Rc2 f6 24.Ba1 c4 25.bxc4 Rxc4 26.Rxc4 Qxc4 27.Bd4 a5 28.Nf2 Qc2
29.Nxe4 dxe4 30.Qf1 Qxa2 31.Ra1 Qd5 32.Bb6 Ra8 33.Bd4 a4 34.Qe2 a3 35.Kh2 h5
36.Qc2 Qe6 37.Qf2 Rc8 38.Qe2 Qd5 39.Qa6 Ra8 40.Qe2 Bd6 41.Rd1 Rd8 42.Kg1 Bc5
43.Qc2 a2 44.Qb2 Ra8 45.Qa1 Bxd4 46.Rxd4 Qb3 47.Kh2 Qb1 48.Qc3 a1=Q 49.Qc4+ Kh8
50.Rd5 Qg1+ 51.Kg3 Qxe3+ 52.Kh4 Qxf4+ 53.Kxh5 Qd1+ 54.Rxd1 Qg5+  0-1

[Event "Titled Tue 27th Aug Late"]
[Site "chess.com INT"]
[Date "2024.08.27"]
[Round "5"]
[White "Nakamura,Hi"]
[Black "Anton Guijarro,D"]
[Result "1-0"]
[WhiteElo "2802"]
[BlackElo "2669"]

1.e4 c5 2.Nf3 Nc6 3.c3 Nf6 4.d3 e5 5.g3 d5 6.Qe2 d4 7.Bg2 Bd6 8.O-O O-O 9.c4 Bg4
10.h3 Bd7 11.Nh4 g6 12.Bh6 Re8 13.Nd2 Bf8 14.Bxf8 Kxf8 15.f4 exf4 16.gxf4 Nxe4
17.Nxg6+ hxg6 18.dxe4 Qh4 19.Rf3 Bf5 20.Raf1 Rad8 21.Rb3 b6 22.Kh2 Kg7 23.Rg3 Re7
24.Qf2 Qh5 25.Bf3 Qh6 26.exf5 d3 27.Ne4 Kf8 28.fxg6 Qxf4 29.g7+ Kg8 30.Bh5 Qxf2+
31.Rxf2 Rxe4 32.Bxf7+ Kh7 33.Bg6+  1-0

[Event "Titled Tue 27th Aug Early"]
[Site "chess.com INT"]
[Date "2024.08.27"]
[Round "5"]
[White "Bacrot,E"]
[Black "Nakamura,Hi"]
[Result "0-1"]
[WhiteElo "2677"]
[BlackElo "2802"]

1.e4 e6 2.d4 d5 3.exd5 exd5 4.Nf3 Bd6 5.c4 dxc4 6.Bxc4 Nf6 7.Qe2+ Qe7 8.Qxe7+ Bxe7
9.O-O O-O 10.Re1 Bd6 11.Bg5 Nbd7 12.Nc3 a6 13.Bb3 h6 14.Bh4 g5 15.Bg3 Bxg3
16.hxg3 Kg7 17.Re7 Ng8 18.Re3 Nb6 19.d5 Nf6 20.Rc1 Bd7 21.a4 a5 22.Ne5 Rad8
23.Nd3 Bc8 24.Re5 c6 25.dxc6 Rxd3 26.Rb5 bxc6 27.Rxb6 Rd2 28.Rc2 Re8 29.Rxd2 Re1+
30.Kh2 Ng4+ 31.Kh3 Rh1+  0-1

[Event "Titled Tue 27th Aug Late"]
[Site "chess.com INT"]
[Date "2024.08.27"]
[Round "6"]
[White "Nakamura,Hi"]
[Black "Sarana,A"]
[Result "1/2-1/2"]
[WhiteElo "2802"]
[BlackElo "2717"]

1.e4 c5 2.f4 d5 3.Bb5+ Bd7 4.Bxd7+ Qxd7 5.d3 Nc6 6.c3 e5 7.Qe2 dxe4 8.dxe4 exf4
9.Bxf4 Nf6 10.e5 Nd5 11.Bg3 Qf5 12.Nf3 Be7 13.O-O O-O 14.Nh4 Qe6 15.Nf5 g6
16.Nxe7+ Ncxe7 17.Nd2 f5 18.Nf3 h6 19.Rad1 Rad8 20.Rfe1 b6 21.c4 Nb4 22.a3 Nbc6
23.Rd6 Qf7 24.e6 Qf6 25.Red1 f4 26.Bf2 Rxd6 27.Rxd6 Rd8 28.Qd2 Rxd6 29.Qxd6 g5
30.Qd7 Qxb2 31.Qe8+ Kh7 32.h3 Qh8 33.Qf7+ Qg7 34.Qe8 Qf6 35.Qd7 Kg6 36.Be1 Nd4
37.Bf2 Nxf3+ 38.gxf3 Kf5 39.Qxa7 Qxe6 40.a4 Kg6 41.Kg2 Nf5 42.Qa8 Kh5 43.a5 bxa5
44.Qxa5 Nh4+ 45.Bxh4 Kxh4 46.Qxc5 Kh5 47.Qd5 Qe2+ 48.Kg1 Qe1+ 49.Kg2 Qg3+
50.Kf1 Qxh3+ 51.Ke2 Qg2+ 52.Ke1 Qg1+ 53.Ke2 Qe3+ 54.Kf1 Kh4 55.Qd1 Kh3 56.Qe2 Qc1+
57.Kf2 g4 58.fxg4 Kh4 59.Kf3 Qc3+ 60.Kxf4 Qd4+ 61.Qe4 Qf6+ 62.Ke3 Qc3+ 63.Ke2 Qb2+
64.Kd3 Qb1+ 65.Kd4 Qa1+ 66.Ke3 Qc3+ 67.Kf4 Qf6+ 68.Ke3 Qc3+  1/2-1/2

[Event "Titled Tue 27th Aug Early"]
[Site "chess.com INT"]
[Date "2024.08.27"]
[Round "6"]
[White "Nakamura,Hi"]
[Black "Mamedyarov,S"]
[Result "1/2-1/2"]
[WhiteElo "2802"]
[BlackElo "2733"]

1.Nf3 Nf6 2.g3 g6 3.Bg2 Bg7 4.b3 c5 5.Bb2 d5 6.e3 O-O 7.c4 dxc4 8.bxc4 Nc6
9.O-O Bf5 10.Ne1 Qd7 11.Qe2 Rfd8 12.Bc3 Rac8 13.Na3 Bh3 14.Nac2 Bxg2 15.Kxg2 Nb4
16.Rd1 Nxa2 17.Ba1 Nb4 18.d3 b5 19.Nf3 bxc4 20.dxc4 Qa4 21.Rc1 Ne4 22.Bxg7 Kxg7
23.Nxb4 cxb4 24.Ra1 Qc6 25.Rxa7 Nd2 26.Re1 b3 27.e4 Qxc4 28.Nxd2 Qxe2 29.Rxe2 Rc2
30.Rxe7 b2 31.Rb7 Rdxd2 32.Rxd2 Rxd2 33.e5 Kf8 34.Kf3 h5 35.Ke3 Rc2 36.h4 Kg8
37.f3 Rg2 38.Kf4 Kf8 39.g4 hxg4 40.fxg4 Kg8 41.Kg5 Re2 42.Kf4 Rf2+ 43.Ke3 Rh2
44.e6 fxe6 45.Kf4 Rxh4 46.Rxb2 Rh1 47.Kg5 Rf1 48.Kxg6 Kf8 49.g5 Ke7 50.Rb7+ Kd6
51.Rf7 Rg1 52.Kf6 Rf1+ 53.Kg7 Rg1 54.g6 e5 55.Ra7 e4 56.Kf6 Rf1+ 57.Kg5 Rg1+
58.Kf5 e3 59.Ra2 Rf1+ 60.Ke4 Ke7 61.Ra7+ Kf8 62.Kxe3 Rg1 63.Kf4 Rxg6 64.Ra8+ Kf7
65.Ra7+ Kf6 66.Ra8 Kf7 67.Ra7+ Kf6 68.Ra8 Kf7  1/2-1/2

[Event "Titled Tue 27th Aug Early"]
[Site "chess.com INT"]
[Date "2024.08.27"]
[Round "7"]
[White "Pranesh,M"]
[Black "Nakamura,Hi"]
[Result "1-0"]
[WhiteElo "2598"]
[BlackElo "2802"]

1.e4 c5 2.Nf3 Nc6 3.d4 cxd4 4.Nxd4 e5 5.Nb5 d6 6.c4 Be7 7.Bd3 Be6 8.O-O a6
9.N5c3 Bg5 10.b3 Bxc1 11.Qxc1 Nge7 12.Na3 Rc8 13.Nc2 h5 14.h4 f6 15.Nd5 O-O
16.Be2 g6 17.Qh6 Rf7 18.Rad1 Bxd5 19.exd5 Nb8 20.Qd2 Nd7 21.g3 Kg7 22.Bd3 f5
23.f4 Ng8 24.b4 b6 25.fxe5 dxe5 26.c5 bxc5 27.Bxa6 Rb8 28.d6 cxb4 29.Bc4 Rf6
30.Kh2 Qa5 31.Ne3 Nh6 32.Kh3 Qc5 33.Bb3 Rb6 34.Nd5 Rbxd6 35.Rc1 Qa5 36.Rc8 Ng4
37.Rfc1 Rf8 38.Qg5 Rxd5 39.Rxf8 Kxf8 40.Rc8+ Kf7 41.Rc6 Ngf6 42.Rd6 Qb5 43.Bxd5+ Kg7
44.Bg2 Qc5 45.Qd2 Nf8 46.Rc6 Qe7 47.Qc2 e4 48.Rc7 N8d7 49.Qc1 e3 50.Bf3 Qe6
51.Rc6 Qxa2 52.Qxe3 Qf7 53.Re6 Kf8 54.Ra6 Qe7 55.Re6 Qf7 56.Qh6+ Qg7 57.Qd2 Ne8
58.Qxb4+ Kg8  1-0

[Event "Titled Tue 27th Aug Late"]
[Site "chess.com INT"]
[Date "2024.08.27"]
[Round "7"]
[White "Drygalov,Sergey"]
[Black "Nakamura,Hi"]
[Result "0-1"]
[WhiteElo "2542"]
[BlackElo "2802"]

1.d4 e6 2.c4 b6 3.Nf3 Bb7 4.g3 Bxf3 5.exf3 c6 6.Bg2 d5 7.O-O g6 8.Be3 Ne7
9.f4 Nf5 10.Nc3 Bg7 11.Qd3 O-O 12.Rad1 Nd7 13.Ne2 Nf6 14.Bf3 h5 15.h3 Rc8
16.b3 Qe7 17.Kg2 Rfd8 18.c5 bxc5 19.dxc5 a5 20.Rc1 Nd7 21.Nd4 Nxe3+ 22.Qxe3 Bf8
23.Rc2 Qf6 24.Rfc1 Bh6 25.Re1 e5 26.Ne2 e4 27.Bxe4 dxe4 28.Nc3 Qf5 29.Nxe4 Nf6
30.Rc4 Nxe4 31.Rxe4 Bg7 32.a3 Rb8 33.b4 axb4 34.axb4 Qd5 35.Qf3 Qd2 36.R1e2 Qc3
37.R2e3 Qb2 38.Re2 Rd2 39.Rxd2 Qxd2 40.Re2 Qd7 41.Re4 f5 42.Rc4 Qd5 43.Qxd5+ cxd5
44.Rc1 Rxb4 45.c6 Rb8 46.Rc5 d4 47.Kf3 Rc8 48.Ke2 Rc7 49.Kd3 Kf7 50.Kc4 Ke6
51.Kb5 d3 52.Rc1 d2 53.Rd1 Bc3  0-1

[Event "Titled Tue 27th Aug Late"]
[Site "chess.com INT"]
[Date "2024.08.27"]
[Round "8"]
[White "Nakamura,Hi"]
[Black "Sindarov,Javokhir"]
[Result "1-0"]
[WhiteElo "2802"]
[BlackElo "2674"]

1.e4 c5 2.f4 g6 3.c3 d5 4.e5 Bg7 5.Nf3 Nh6 6.d4 cxd4 7.cxd4 O-O 8.Be3 Bg4
9.Nbd2 Nc6 10.h3 Nf5 11.Bf2 Bxf3 12.Nxf3 f6 13.g4 fxe5 14.gxf5 Rxf5 15.dxe5 Rxf4
16.Bg2 Qa5+ 17.Qd2 Re4+ 18.Kf1 Qb5+ 19.Kg1 Rf8 20.a4 Qa5 21.Qxa5 Nxa5 22.Bxa7 Nc4
23.b3 Nxe5 24.Nxe5 Rxe5 25.Bd4 Re2 26.Bxd5+ e6 27.Bxg7 Kxg7 28.Bxb7 Rb8 29.Bf3 Re3
30.Bd1  1-0

[Event "Titled Tue 27th Aug Early"]
[Site "chess.com INT"]
[Date "2024.08.27"]
[Round "8"]
[White "Nakamura,Hi"]
[Black "Mamedov,Edgar"]
[Result "1-0"]
[WhiteElo "2802"]
[BlackElo "2443"]

1.e4 c5 2.d4 cxd4 3.c3 dxc3 4.Nxc3 Nc6 5.Nf3 e6 6.Bf4 Bb4 7.Bd3 Nf6 8.O-O O-O
9.e5 Bxc3 10.bxc3 Nd5 11.Bg3 f5 12.exf6 Qxf6 13.Bd6 Re8 14.c4 Nf4 15.Be4 e5
16.Re1 b6 17.Nxe5 Bb7 18.Nxd7 Qg5 19.Bxf4 Qxf4 20.Bxh7+ Kxh7 21.Rxe8 Qg5
22.Qd3+ g6 23.Qh3+ Kg7 24.Qh8+  1-0

[Event "Titled Tue 27th Aug Late"]
[Site "chess.com INT"]
[Date "2024.08.27"]
[Round "9"]
[White "Martinez Alcantara,Jose Eduardo"]
[Black "Nakamura,Hi"]
[Result "1-0"]
[WhiteElo "2612"]
[BlackElo "2802"]

1.e4 c5 2.Nf3 e6 3.c3 Nf6 4.Bd3 Nc6 5.Bc2 c4 6.Qe2 d5 7.e5 Nd7 8.d4 cxd3
9.Bxd3 Nc5 10.O-O Nxd3 11.Qxd3 Qc7 12.Re1 Be7 13.Bf4 Bd7 14.Nbd2 Na5 15.Bg5 Bf8
16.Nd4 Rc8 17.Qg3 h6 18.Be3 g6 19.h4 Bg7 20.Bf4 Nc6 21.Nf5 Bf8 22.Nd6+ Bxd6
23.exd6 Qd8 24.c4 dxc4 25.Ne4 Kf8 26.Qc3 f6 27.Nxf6 Kf7 28.Nxd7 Qxd7 29.Qxc4 Rce8
30.Rad1 Kg7 31.Qc3+ Kh7 32.b4 Rhf8 33.Qd2 h5 34.Bg5 Rf5 35.a4 a6 36.Qc3 e5
37.b5 axb5 38.axb5 Nd4 39.Qc7 Qxc7 40.dxc7 Nxb5 41.Rd7+ Kg8 42.Rb1 Na7 43.Rxb7 Nc8
44.Rd8 Rff8 45.Rb8 Na7 46.Bh6  1-0

[Event "Titled Tue 27th Aug Early"]
[Site "chess.com INT"]
[Date "2024.08.27"]
[Round "9"]
[White "Lobanov,Sergei"]
[Black "Nakamura,Hi"]
[Result "0-1"]
[WhiteElo "2506"]
[BlackElo "2802"]

1.d4 e6 2.c4 b6 3.Nc3 Bb4 4.Qc2 Bb7 5.a3 Be7 6.e4 d6 7.Nf3 Nf6 8.Bd3 c5 9.e5 Nfd7
10.Bf4 Bxf3 11.gxf3 Nc6 12.Nb5 dxe5 13.dxe5 a6 14.Be4 Qc8 15.Nd6+ Bxd6 16.exd6 Nd4
17.Qd1 Ra7 18.h4 e5 19.Be3 O-O 20.h5 Nf6 21.h6 g6 22.b4 Rd8 23.bxc5 Qxc5
24.Bxd4 exd4 25.Bd3 Rxd6 26.Kf1 Re7 27.Qd2 Nd7 28.f4 Qc6 29.Rh3 Nc5 30.Be2 Nb3
31.Qb2 Nxa1 32.Qxa1 Qe4 33.Bf3 Qxf4 34.Kg2 Qe5 35.Qb1 d3 36.c5 Qxc5 37.Qb2 Qe5
38.Qc1 Re8 39.Qd2 Qe1 40.Qb2 Qe5 41.Qd2 Red8 42.Rh4 f6 43.Rg4 Kf8 44.Qb4 d2
45.Re4 Qg5+ 46.Kf1 Qc5  0-1

[Event "Titled Tue 27th Aug Late"]
[Site "chess.com INT"]
[Date "2024.08.27"]
[Round "10"]
[White "Nakamura,Hi"]
[Black "Terry,R"]
[Result "1-0"]
[WhiteElo "2802"]
[BlackElo "2514"]

1.e4 e6 2.d3 d5 3.Nd2 Nf6 4.Ngf3 b6 5.e5 Nfd7 6.d4 c5 7.c3 Be7 8.Be2 Ba6
9.O-O Bxe2 10.Qxe2 Qc8 11.Rd1 Qa6 12.Qe3 Nc6 13.a3 cxd4 14.cxd4 Rc8 15.Rb1 Na5
16.b3 O-O 17.h4 Rc7 18.h5 Rfc8 19.Bb2 Rc2 20.h6 g6 21.Ne1 R2c7 22.Ndf3 Qb5
23.Rd3 Nf8 24.Nh2 Qe8 25.Ng4 Nd7 26.Qd2 Qd8 27.Nf3 Rc2 28.Qd1 R2c7 29.Kh2 Qf8
30.g3 Kh8 31.Kg2 Kg8 32.b4 Nc4 33.Bc1 Qd8 34.b5 a6 35.a4 axb5 36.axb5 Ra7
37.Bf4 Ra2 38.Qe1 Rca8 39.Qc1 Ba3 40.Qe1 Be7 41.Rdd1 Nb2 42.Rd2 Bb4 43.Bg5 Qf8
44.Qc1 Bxd2 45.Nxd2 Rc8 46.Qe1 Rc2 47.Qe3 Nc4 48.Nxc4 Rxc4 49.Bf6 Rcc2 50.Qf4 Qc8
51.Bg5 Qc4 52.Rf1 Qc8 53.Be7 Qe8 54.Nf6+  1-0

[Event "Titled Tue 27th Aug Early"]
[Site "chess.com INT"]
[Date "2024.08.27"]
[Round "10"]
[White "Nakamura,Hi"]
[Black "Deac,Bogdan-Daniel"]
[Result "1-0"]
[WhiteElo "2802"]
[BlackElo "2683"]

1.Nf3 d5 2.g3 c5 3.Bg2 Nc6 4.d4 Nf6 5.e3 e6 6.O-O Be7 7.b3 O-O 8.dxc5 Bxc5
9.Bb2 b5 10.Qe2 Rb8 11.Nbd2 b4 12.e4 Rb6 13.Ne1 Ba6 14.Nd3 Bd4 15.Rfb1 dxe4
16.Nxe4 Bxb2 17.Rxb2 Bxd3 18.cxd3 Nd4 19.Qe3 Nf5 20.Qd2 Nd4 21.Rc1 a5 22.Rc4 Nxe4
23.dxe4 Rd6 24.Qe3 Nb5 25.Bf1 Nc3 26.Rc2 Rd1 27.Kg2 Rxf1 28.Rd2 Nd1 29.Rxd8 Nxe3+
30.fxe3 Rxd8 31.Kxf1 g6 32.Ke2 h5 33.Rc5 Ra8 34.Kd3 a4 35.Kc4 axb3 36.axb3 Ra2
37.Kxb4 Rxh2 38.Rc3 Rg2 39.Kc4 Rxg3 40.b4 h4 41.b5 Rg1 42.b6 Rb1 43.Rb3 Rc1+
44.Kb5 Rc8 45.b7 Rb8 46.Kc6 g5 47.Kc7 Rxb7+ 48.Rxb7 Kg7 49.Kd6 Kf6 50.e5+ Kg6
51.Rb8 g4 52.Rh8 h3 53.Ke7 Kf5 54.Rh4 Kg5 55.Rh7 Kf5 56.Rh5+ Kg6 57.Rh8 Kf5
58.Kxf7 Kxe5 59.Kg6 Ke4 60.Kg5 Kf3 61.Rh4 e5 62.Rxg4 Kxe3 63.Rg3+ Kf2 64.Rxh3 e4
65.Kf4  1-0

[Event "Titled Tue 27th Aug Late"]
[Site "chess.com INT"]
[Date "2024.08.27"]
[Round "11"]
[White "Deac,Bogdan-Daniel"]
[Black "Nakamura,Hi"]
[Result "0-1"]
[WhiteElo "2683"]
[BlackElo "2802"]

1.d4 e6 2.Nf3 b6 3.e4 d5 4.exd5 exd5 5.Bd3 Bd6 6.Nc3 c6 7.O-O Ne7 8.Re1 O-O
9.h3 h6 10.Ne2 Ba6 11.Bf4 Bxd3 12.Qxd3 Ng6 13.Bxd6 Qxd6 14.Ng3 Nd7 15.Nf5 Qf6
16.g3 Rfd8 17.Nh2 Re8 18.Ng4 Qd8 19.Nd6 Re7 20.Nf5 Rxe1+ 21.Rxe1 h5 22.Nh2 Nf6
23.Kg2 Qd7 24.Nf1 Ne4 25.N1e3 Re8 26.Qd1 Nf6 27.c3 Re4 28.f3 Re6 29.Qd2 h4
30.Nxh4 Nxh4+ 31.gxh4 Nh5 32.Ng4 Rg6 33.Kf2 Qd8 34.Re5 Qxh4+ 35.Ke2 Qxh3
36.Qe3 Nf6 37.Nf2 Qh2 38.Re7 Nh5 39.Kd3 Nf4+ 40.Kc2 Nh3 41.Kb3 Nxf2 42.Re8+ Kh7
43.Qe2 Rg2 44.Qc2+ Ne4  0-1

[Event "Titled Tue 27th Aug Early"]
[Site "chess.com INT"]
[Date "2024.08.27"]
[Round "11"]
[White "Sindarov,Javokhir"]
[Black "Nakamura,Hi"]
[Result "1/2-1/2"]
[WhiteElo "2674"]
[BlackElo "2802"]

1.e4 c5 2.Nf3 e6 3.d4 cxd4 4.Nxd4 a6 5.Nc3 Bc5 6.Be3 Ba7 7.e5 d5 8.exd6 Nf6
9.Nf3 Bxe3 10.fxe3 b5 11.Qd2 Nbd7 12.O-O-O Bb7 13.Qd4 Rc8 14.e4 Qa5 15.a3 Rxc3
16.Qxc3 Qxc3 17.bxc3 Nxe4 18.c4 bxc4 19.Bxc4 Nf2 20.Kd2 Nxh1 21.Rxh1 Bxf3
22.gxf3 Nc5 23.Rb1 Kd7 24.Rb6 Ra8 25.Ke3 Rc8 26.Bxa6 Nxa6 27.Rxa6 Rxc2 28.Ra7+ Kxd6
29.Rxf7 Rg2 30.h4 h5 31.a4 g6 32.a5 Ra2 33.Rg7 Rxa5 34.Rxg6 Ra4 35.f4 Ra3+
36.Ke4 Ra4+ 37.Ke3 Ra3+ 38.Ke4 Rh3 39.f5 Rxh4+ 40.Kf3 Ke5 41.fxe6 Rf4+ 42.Kg3 Rf8
43.Rh6 Re8 44.Rxh5+ Kxe6 45.Rh4 Rg8+ 46.Rg4 Ra8 47.Rf4 Kd7 48.Re4 Rg8+ 49.Rg4 Rh8
50.Rh4 Ra8 51.Rd4+ Ke6 52.Rf4 Ke5 53.Rf3 Rg8+ 54.Kf2 Rb8 55.Kg3 Kd4 56.Rf4+ Kd3
57.Rf3+ Ke2 58.Rf2+ Ke1 59.Rf5 Rg8+ 60.Kf4 Rh8 61.Kg3 Ke2 62.Rf2+ Ke3 63.Rf3+ Ke4
64.Rf4+ Ke5 65.Rf3 Ra8 66.Re3+ Kf5 67.Rf3+ Kg6 68.Rf4 Kg5 69.Rg4+ Kf5 70.Rf4+ Ke6
71.Re4+ Kd7 72.Rf4 Kc6 73.Rf3 Rg8+ 74.Kf2 Rd8 75.Kg3 Kb5 76.Rf5+ Kb4 77.Rf3 Kc5
78.Rf5+ Kb6 79.Rf3 Ka7 80.Rf4 Rg8+ 81.Rg4 Rh8 82.Rh4 Re8 83.Rf4 Kb6 84.Rf3 Kc5
85.Rf4 Kd5 86.Kf3 Re1 87.Kf2 Ra1 88.Kf3 Ke6 89.Re4+ Kf5 90.Rf4+ Kg6 91.Rg4+ Kh5
92.Re4 Ra5 93.Kf4 Kg6 94.Re6+ Kf7  1/2-1/2

[Event "Titled Tue 3rd Sep Late"]
[Site "chess.com INT"]
[Date "2024.09.03"]
[Round "1"]
[White "Nakamura,Hi"]
[Black "Kovacsy,Barnabas"]
[Result "1-0"]
[WhiteElo "2802"]
[BlackElo "2275"]

1.Nf3 Nf6 2.d4 g6 3.c4 Bg7 4.Nc3 d5 5.Bg5 dxc4 6.e4 c5 7.d5 b5 8.e5 b4 9.exf6 exf6
10.Be3 bxc3 11.Bxc5 cxb2 12.Qe2+ Be6 13.Qxb2 Qxd5 14.Qa3 Nd7 15.Bd6 Ne5 16.Rd1 Nxf3+
17.gxf3 Qc6 18.Bg2 f5 19.O-O f6 20.f4 Qc8 21.Rfe1 Kf7 22.Rxe6 Kxe6 23.Qe3+ Kf7
24.Qe7+  1-0

[Event "Titled Tue 3rd Sep Early"]
[Site "chess.com INT"]
[Date "2024.09.03"]
[Round "1"]
[White "Nakamura,Hi"]
[Black "Sriram,S1"]
[Result "1-0"]
[WhiteElo "2802"]
[BlackElo "2146"]

1.d4 Nf6 2.Bg5 e6 3.Nd2 h6 4.Bh4 d6 5.e4 Nbd7 6.Bd3 b6 7.f4 Bb7 8.Ngf3 Be7
9.O-O Nh5 10.Bxe7 Qxe7 11.g3 g5 12.Ne1 Nhf6 13.c3 gxf4 14.Rxf4 e5 15.Rf2 h5
16.Ng2 Ng4 17.Rf1 O-O-O 18.Qf3 Rdg8 19.Qxf7 Qd8 20.Nf3 Rf8 21.Qb3 Kb8 22.a4 exd4
23.cxd4 Ndf6 24.Qc2 d5 25.e5 Ne4 26.a5 c5 27.axb6 Qxb6 28.Bxe4 dxe4 29.dxc5 Qe6
30.Nd4 Qxe5 31.Qc3 Rd8 32.Ra4 Rc8 33.c6 Qd5 34.Nf4  1-0

[Event "Titled Tue 3rd Sep Early"]
[Site "chess.com INT"]
[Date "2024.09.03"]
[Round "2"]
[White "Pasti,Aron"]
[Black "Nakamura,Hi"]
[Result "0-1"]
[WhiteElo "2349"]
[BlackElo "2802"]

1.e4 g6 2.d4 Bg7 3.Nc3 c6 4.f4 d5 5.e5 h5 6.Be3 Bg4 7.Nf3 e6 8.h3 Bxf3 9.Qxf3 h4
10.O-O-O Nd7 11.Ne2 Rc8 12.Kb1 Bf8 13.c4 dxc4 14.Nc3 b5 15.Be2 Nh6 16.Ne4 Nf5
17.Bf2 Be7 18.g4 hxg3 19.Bxg3 Nb6 20.h4 Qd5 21.Bf2 b4 22.Qg2 c3 23.b3 Qa5
24.Rc1 Nd5 25.Qg4 Kd7 26.Bc4 Rcg8 27.Nc5+ Kc7 28.Qf3 Nxd4 29.Na6+ Qxa6 30.Bxd4 Qa3
31.h5 Qb2+  0-1

[Event "Titled Tue 3rd Sep Late"]
[Site "chess.com INT"]
[Date "2024.09.03"]
[Round "2"]
[White "Fishbein,A"]
[Black "Nakamura,Hi"]
[Result "0-1"]
[WhiteElo "2393"]
[BlackElo "2802"]

1.e4 d5 2.exd5 Qxd5 3.Nc3 Qa5 4.Nf3 c6 5.g3 Bg4 6.Bg2 e6 7.O-O Qh5 8.d3 Nd7
9.Re1 Ngf6 10.Ne4 Ne5 11.Ned2 Nxf3+ 12.Bxf3 Bc5 13.h4 Qf5 14.Kg2 Bh3+ 15.Kg1 Qg6
16.Nf1 Ng4 17.Bxg4 Bxg4 18.Qd2 h6 19.Qf4 Rd8 20.Be3 Bd6 21.Qe4 Bf5 22.Qf3 Bg4
23.Qe4 Bf5 24.Qf3 a6 25.Nh2 h5 26.Bf4 Bb4 27.Re2 O-O 28.a3 Be7 29.Ree1 Bxh4
30.Qg2 Bf6 31.Be5 Be7 32.Nf3 Bg4 33.Bc3 Bxf3 34.Qxf3 Rd5 35.Re5 h4 36.Kg2 Rfd8
37.Rh1 Rxe5 38.Bxe5 Rd5 39.Bc3 Rf5 40.Qe4 Bc5 41.Rf1 Rxf2+ 42.Rxf2 Qxg3+
43.Kh1 Qxf2  0-1